[Event "San Francisco TNM Winter op"]
[Site "San Francisco"]
[Date "2010.01.05"]
[Round "2"]
[White "Jelinek, Jules"]
[Black "Manvelyan, Hovik"]
[Result "0-1"]
[WhiteElo "2131"]
[BlackElo "1953"]
[PlyCount "155"]
[EventDate "2010.01.05"]
[EventType "swiss"]
[EventRounds "8"]
[EventCountry "USA"]
[SourceTitle "EXT 2012"]
[Source "ChessBase"]
[SourceDate "2011.11.24"]
[SourceVersion "1"]
[SourceVersionDate "2011.11.24"]
[SourceQuality "1"]

1. b4 e5 2. Bb2 Bxb4 3. Bxe5 Nf6 4. a3 Nc6 5. axb4 Nxe5 6. d4 Ng6 7. c4 Qe7 8. Qb3 0-0 9. Nc3 d6 10. Nf3 Bg4 11. e3 Bxf3 12. gxf3 Nh4 13. Be2 Rfe8 14. Rg1 Kh8 15. Ra5 h6 16. Qa3 a6 17. b5 Nf5 18. bxa6 Rxa6 19. Rxa6 bxa6 20. Qxa6 Nxe3 21. Kd2 Nf5 22. Qa7 d5 23. Rb1 Qd6 24. cxd5 Qxh2 25. Rb8 Qxf2 26. Qxc7 Qxd4+ 27. Kc2 Ne3+ 28. Kb3 Nexd5 29. Rxe8+ Nxe8 30. Qc8 Qxc3+ 31. Qxc3 Nxc3 32. Kxc3 g6 33. Kd4 Kg7 34. Ke5 Nf6 35. Ba6 Nh5 36. Bc8 f6+ 37. Ke4 Kf7 38. Ba6 Ng7 39. Bc8 h5 40. Kf4 g5+ 41. Kg3 Kg6 42. Bd7 Nf5+ 43. Kh3 Nd4 44. Kg3 Ne2+ 45. Kf2 Nf4 46. Kg3 Kf7 47. Bc8 Ke7 48. Bf5 Kd6 49. Bc8 Ke5 50. Bd7 Kd4 51. Kf2 h4 52. Bc8 Ke5 53. Ba6 Nd5 54. Bc8 Kf4 55. Bb7 Ne3 56. Bc8 Nf5 57. Kg2 Ng3 58. Bb7 f5 59. Kh3 Ne2 60. Ba8 Nd4 61. Kg2 h3+ 62. Kxh3 Nxf3 63. Kg2 Ne5 64. Bb7 Ke3 65. Ba6 f4 66. Bb5 f3+ 67. Kg3 f2 68. Ba6 Nf3 69. Kg4 Ne5+ 70. Kg3 Nf3 71. Kg4 Nd4 72. Kg3 Ne2+ 73. Kg2 g4 74. Bb5 g3 75. Bc6 Nf4+ 76. Kf1 g2+ 77. Bxg2 Nxg2 78. Kxg2 0-1

[Event "San Francisco TNM Fall op"]
[Site "San Francisco"]
[Date "2009.11.24"]
[Round "6"]
[White "Beilin, Allan"]
[Black "Jelinek, Jules"]
[Result "0-1"]
[WhiteElo "1715"]
[BlackElo "2131"]
[PlyCount "66"]
[EventDate "2009.10.20"]
[EventType "swiss"]
[EventRounds "9"]
[EventCountry "USA"]
[SourceTitle "EXT 2012"]
[Source "ChessBase"]
[SourceDate "2011.11.24"]
[SourceVersion "1"]
[SourceVersionDate "2011.11.24"]
[SourceQuality "1"]

1. e4 c5 2. Nf3 Nc6 3. d4 cxd4 4. Nxd4 Nf6 5. Nc3 d6 6. Be3 g6 7. f3 Bg7 8. Qd2 Bd7 9. Bc4 0-0 10. 0-0-0 Na5 11. Bb3 Rb8 12. Bh6 b5 13. Bxg7 Kxg7 14. g4 e5 15. Nde2 b4 16. Nd5 Nxb3+ 17. cxb3 Nxd5 18. Qxd5 Rb6 19. Kb1 Ra6 20. h4 Bc6 21. Qd2 Qa5 22. Nc1 h6 23. g5 h5 24. Qe3 Re8 25. Rd2 d5 26. exd5 Bxd5 27. Rhd1 Be6 28. Rd6 Bf5+ 29. Ka1 Rxd6 30. Rxd6 Qc7 31. Qd2 Rc8 32. Ne2 Qc2 33. Qd1 Qxe2 0-1

[Event "San Francisco TNM Fall op"]
[Site "San Francisco"]
[Date "2009.11.10"]
[Round "4"]
[White "Jelinek, Jules"]
[Black "Drane, Robert W"]
[Result "0-1"]
[WhiteElo "2131"]
[BlackElo "1861"]
[PlyCount "76"]
[EventDate "2009.10.20"]
[EventType "swiss"]
[EventRounds "9"]
[EventCountry "USA"]
[SourceTitle "EXT 2012"]
[Source "ChessBase"]
[SourceDate "2011.11.24"]
[SourceVersion "1"]
[SourceVersionDate "2011.11.24"]
[SourceQuality "1"]

1. b4 e6 2. Bb2 Nf6 3. b5 c5 4. e3 d5 5. c4 Nbd7 6. Nf3 b6 7. d3 Bb7 8. Be2 Bd6 9. Nc3 0-0 10. Qc2 Qc7 11. h4 Rad8 12. 0-0-0 d4 13. exd4 Bf4+ 14. Kb1 Bxf3 15. Bxf3 cxd4 16. Ne2 Be5 17. Nxd4 Nc5 18. Nc6 Bxb2 19. Kxb2 Rd6 20. d4 Nb7 21. Nxa7 Na5 22. Nc6 Nxc6 23. Bxc6 Rfd8 24. Qc3 Nd7 25. Kc2 Nb8 26. Be4 Qd7 27. d5 exd5 28. Bxd5 Qf5+ 29. Qd3 Qxf2+ 30. Rd2 Qc5 31. Qd4 Rxd5 32. Qxc5 Rxd2+ 33. Kb3 bxc5 34. a3 Nd7 35. Rh3 Nb6 36. Kc3 Na4+ 37. Kb3 Ra8 38. Re3 Rb2# 0-1

[Event "US Open-88"]
[Site "Portland"]
[Date "1987.08.06"]
[Round "5"]
[White "Bisguier, Arthur Bernard"]
[Black "Jelinek, Jules"]
[Result "1-0"]
[WhiteElo "2452"]
[BlackElo "2212"]
[PlyCount "75"]
[EventDate "1987.08.02"]
[EventType "swiss"]
[EventRounds "12"]
[EventCountry "USA"]
[SourceTitle "EXT 1997"]
[Source "ChessBase"]
[SourceDate "1996.11.15"]
[SourceVersion "1"]
[SourceVersionDate "1996.11.15"]
[SourceQuality "1"]

1. d4 g6 2. e4 Bg7 3. c3 d6 4. Bg5 Nf6 5. Nd2 0-0 6. Ngf3 c6 7. Bd3 Nbd7 8. 0-0 Qc7 9. Re1 e5 10. Bc2 h6 11. Bh4 b5 12. Nf1 Re8 13. Qd2 g5 14. Bg3 Nh5 15. Rad1 Nf4 16. h4 f6 17. Bb3+ Kh7 18. Ne3 Nf8 19. dxe5 dxe5 20. Qd6 Qb6 21. Bf7 Be6 22. Bxe8 Rxe8 23. hxg5 hxg5 24. Bxf4 gxf4 25. Nf5 Ng6 26. Nxg7 Kxg7 27. a3 Bg4 28. Rd3 a5 29. Red1 Re7 30. Qd8 Qa7 31. R1d2 c5 32. Nh2 Be6 33. Rd6 Nf8 34. Ra6 Qb7 35. Rb6 Qa7 36. Rdd6 b4 37. Ra6 Qxa6 38. Qxe7+ 1-0